LEADER 01055nam0-22002891i-450- 001 990009818840403321 005 20140204151038.0 035 $a000981884 035 $aFED01000981884 035 $a(Aleph)000981884FED01 035 $a000981884 100 $a20140204d1815----km-y0itay50------ba 101 0 $aita 102 $aIT 200 1 $aAppendice alla seconda edizione delle ricerche sull'antica citta di Eclano a' signori socj pontaniani [di Raimondo Guarini] 210 $aNapoli$cnella stamperia reale$d1815 215 $a38 p.$d29 cm 300 $aIl nome dell'autore, Raimondo Guarini, si deduce dall'opera di cui č appendice, "Ricerche sull'antica cittā di Eclano", Napoli, 1814 676 $a945.7 700 1$aGuarini,$bRaimondo$f<1765-1852>$0195835 801 0$aIT$bUNINA$gRICA$2UNIMARC 901 $aAQ 912 $a990009818840403321 952 $aSG 945.7/3B$bs.i.$fFLFBC 959 $aFLFBC 996 $aAppendice alla seconda edizione delle ricerche sull'antica citta di Eclano a' signori socj pontaniani$9835056 997 $aUNINA